PHARMACEUTICAL CHEMISTRY -|| (Record no. 7325)
[ view plain ]
| 000 -LEADER | |
|---|---|
| fixed length control field | 00313nam a2200133Ia 4500 |
| 008 - FIXED-LENGTH DATA ELEMENTS--GENERAL INFORMATION | |
| fixed length control field | 150301s2015 xx 000 0 und d |
| 082 ## - DEWEY DECIMAL CLASSIFICATION NUMBER | |
| Classification number | 615.7 |
| Item number | P14P |
| 100 ## - MAIN ENTRY--PERSONAL NAME | |
| Personal name | PARLE, AMRITA |
| 245 ## - TITLE STATEMENT | |
| Title | PHARMACEUTICAL CHEMISTRY -|| |
| 260 ## - PUBLICATION, DISTRIBUTION, ETC. (IMPRINT) | |
| Name of publisher, distributor, etc. | CBS- DELHI |
| 300 ## - PHYSICAL DESCRIPTION | |
| Extent | 230 |
| 650 ## - SUBJECT ADDED ENTRY--TOPICAL TERM | |
| Topical term or geographic name as entry element | PHARMACEUTICS |
| 942 ## - ADDED ENTRY ELEMENTS (KOHA) | |
| Source of classification or shelving scheme | Dewey Decimal Classification |
| Koha item type | Books |
| Koha issues (borrowed), all copies | 5 |
| Withdrawn status | Lost status | Source of classification or shelving scheme | Damaged status | Not for loan | Collection code | Home library | Current library | Date acquired | Source of acquisition | Cost, normal purchase price | SGTU | Bill Number | Total Checkouts | Total Renewals | Full call number | Barcode | Date last seen | Date last checked out | Bill Date | Koha item type |
|---|---|---|---|---|---|---|---|---|---|---|---|---|---|---|---|---|---|---|---|---|
| Dewey Decimal Classification | PHARMACY | SGT FA-FP Library | SGT FA-FP Library | 02/07/2015 | ABC-DELHI | 240.00 | SGTU | 5588 | 5 | 1 | 615.7 P14P | FP1357 | 10/12/2021 | 10/12/2021 | 04/04/2015 | Books | ||||
| Dewey Decimal Classification | PHARMACY | SGT FA-FP Library | SGT FA-FP Library | 02/07/2015 | ABC-DELHI | 240.00 | SGTU | 5588 | 25 | 615.7 P14P | FP1358 | 30/11/2023 | 28/11/2023 | 04/04/2015 | Books | |||||
| Dewey Decimal Classification | PHARMACY | SGT FA-FP Library | SGT FA-FP Library | 02/07/2015 | ABC-DELHI | 240.00 | SGTU | 5588 | 18 | 615.7 P14P | FP1359 | 25/02/2025 | 25/02/2025 | 04/04/2015 | Books | |||||
| Dewey Decimal Classification | PHARMACY | SGT FA-FP Library | SGT FA-FP Library | 02/07/2015 | ABC-DELHI | 240.00 | SGTU | 5588 | 25 | 615.7 P14P | FP1360 | 11/05/2022 | 16/03/2022 | 04/04/2015 | Books |